[Event "Helsinki We Garde 9th Group Seniors"]
[Site "Helsinki"]
[Date "2013.09.15"]
[Round "5"]
[White "Laitinen, Martti"]
[Black "Hakamaki, Seppo"]
[Result "1-0"]
[WhiteElo "1811"]
[BlackElo "1502"]
[PlyCount "73"]
[EventDate "2013.09.13"]
[EventType "tourn"]
[EventRounds "5"]
[EventCountry "FIN"]
[SourceTitle "EXT 2022"]
[Source "ChessBase"]
[SourceDate "2021.10.06"]
[SourceVersion "1"]
[SourceVersionDate "2021.10.06"]
[SourceQuality "1"]

1. d4 d5 2. c4 e6 3. Nc3 Bb4 4. a3 Bxc3+ 5. bxc3 dxc4 6. Nf3 b5 7. e4 Bb7 8. Qc2 Nf6 9. Nd2 Nbd7 10. Be2 c6 11. f4 Qc7 12. 0-0 0-0 13. a4 a6 14. Ba3 Rfe8 15. Rf3 c5 16. Rh3 h6 17. Rf1 cxd4 18. cxd4 c3 19. Rxc3 Qa5 20. axb5 axb5 21. Bb2 Qb6 22. Rb3 Ba6 23. Bf3 Rac8 24. Qb1 Rc7 25. e5 Nd5 26. Ne4 Rf8 27. Nd6 f5 28. Bxd5 exd5 29. Nxf5 Qe6 30. Ne3 Nb6 31. f5 Qe7 32. Ba3 Qd8 33. Bxf8 Qxf8 34. f6 gxf6 35. Rxf6 Rf7 36. Qg6+ Kh8 37. Rxf7 1-0